Catálogo
 En Linea

Boletín de la Cámara de Diputados. (Registro nro. 26230)

Detalles MARC
000 -CABECERA
campo de control de longitud fija 00564nas a2200205 a 4500
001 - NÚMERO DE CONTROL
campo de control 000026738
003 - IDENTIFICADOR DEL NÚMERO DE CONTROL
campo de control DLC
005 - FECHA Y HORA DE LA ÚLTIMA TRANSACCIÓN
campo de control 20240905121801.0
008 - DATOS DE LONGITUD FIJA--INFORMACIÓN GENERAL
campo de control de longitud fija 110324c19249999dr mr1p d 0 0spa d
040 ## - FUENTE DE LA CATALOGACIÓN
Centro catalogador/agencia de origen DO-SdBNP
Centro/agencia transcriptor spa
Lengua de catalogación DO-SdBNP
Normas de descripción rda
043 ## - CÓDIGO DE ÁREA GEOGRÁFICA
Código de área geográfica nwdr---
222 #0 - TÍTULO CLAVE
Título clave Boletín de la Cámara de Diputados
245 00 - MENCIÓN DE TÍTULO
Título Boletín de la Cámara de Diputados.
260 ## - PUBLICACIÓN, DISTRIBUCIÓN, ETC.
Lugar de publicación, distribución, etc. Santo Domingo :
Nombre del editor, distribuidor, etc. Cámara de Diputados,
Fecha de publicación, distribución, etc. 1924.
300 ## - DESCRIPCIÓN FÍSICA
Extensión v.
310 ## - PERIODICIDAD ACTUAL
Periodicidad actual Mensual
362 0# - FECHAS DE PUBLICACIÓN Y/O DESIGNACIÓN SECUENCIAL
Fecha de publicación y/o designación secuencial Año 1. No. 1 (15 dic. 1924)
500 ## - NOTA GENERAL
Nota general Director L. Despradel
942 ## - ELEMENTOS DE PUNTO DE ACCESO ADICIONAL (KOHA)
Fuente del sistema de clasificación o colocación Dewey Decimal Classification
Tipo de ítem Koha Publicación periódica

No hay ítems disponibles.

Con tecnología Koha